[Event "DEM U12w 2021"]
[Site "Willingen GER"]
[Date "2021.08.24"]
[Round "3"]
[White "Schülke, Rosalie"]
[Black "Kutz, Ida Klara"]
[Result "1-0"]
[Termination "normal"]
[Board "6"]
[WhiteElo "1423"]
[BlackElo "1258"]
[WhiteClock "00:30:22"]
[BlackClock "00:48:41"]
[PlyCount "47"]
[WhiteFideId "16287436"]
[BlackFideId "16296257"]
[EventCountry "GER"]
[EventRounds "9"]
[EventType "swiss"]
[EventDate "2021.08.22"]

1. e4 {[%clk 1:30:58]} c5 {[%clk 1:30:54]} 2. Nf3 {[%clk 1:31:17]} e6 {[%clk
1:31:14]} 3. c4 {[%clk 1:31:29]} d5 {[%clk 1:31:25]} 4. exd5 {[%clk 1:31:22]}
exd5 {[%clk 1:31:48]} 5. cxd5 {[%clk 1:29:42]} Qxd5 {[%clk 1:31:51]} 6. Nc3
{[%clk 1:29:30]} Qe6+ {[%clk 1:31:07]} 7. Be2 {[%clk 1:29:01]} Bd6 {[%clk
1:29:12]} 8. O-O {[%clk 1:26:33]} Ne7 {[%clk 1:28:47]} 9. d4 {[%clk 1:25:30]}
cxd4 {[%clk 1:25:52]} 10. Nxd4 {[%clk 1:25:02]} Qf6 {[%clk 1:23:59]} 11. Ndb5
{[%clk 1:16:35]} Be5 {[%clk 1:20:15]} 12. f4 {[%clk 1:14:45]} Qb6+ {[%clk
1:18:36]} 13. Kh1 {[%clk 1:14:33]} Bxc3 {[%clk 1:17:58]} 14. Nd6+ {[%clk
1:09:42]} Kf8 {[%clk 1:16:27]} 15. bxc3 {[%clk 1:09:28]} Be6 {[%clk 1:12:27]}
16. f5 {[%clk 1:08:31]} Bd5 {[%clk 1:10:28]} 17. Bf4 {[%clk 1:01:16]} Nd7
{[%clk 1:05:17]} 18. Bf3 {[%clk 0:55:10]} Bxf3 {[%clk 1:01:33]} 19. Qxf3 {[%clk
0:55:04]} Qc6 {[%clk 1:00:57]} 20. Qh5 {[%clk 0:51:12]} g6 {[%clk 0:58:16]} 21.
fxg6 {[%clk 0:42:01]} Nxg6 {[%clk 0:57:30]} 22. Rae1 {[%clk 0:34:46]} h6 {[%clk
0:49:37]} 23. Bxh6+ {[%clk 0:30:22]} Kg8 {[%clk 0:48:41]} 24. Rxf7 1-0

[Event "DEM U12w 2021"]
[Site "Willingen GER"]
[Date "2021.08.24"]
[Round "3"]
[White "Pröttel, Ela"]
[Black "Eger, Nora"]
[Result "1/2-1/2"]
[Termination "normal"]
[Board "8"]
[WhiteElo "1182"]
[BlackElo "1281"]
[WhiteClock "00:00:41"]
[BlackClock "00:59:23"]
[PlyCount "84"]
[WhiteFideId "44582749"]
[BlackFideId "34605827"]
[EventCountry "GER"]
[EventRounds "9"]
[EventType "swiss"]
[EventDate "2021.08.22"]

1. e4 {[%clk 1:30:55]} d6 {[%clk 1:30:52]} 2. Nc3 {[%clk 1:31:06]} Nf6 {[%clk
1:31:03]} 3. f4 {[%clk 1:31:15]} g6 {[%clk 1:30:54]} 4. Nf3 {[%clk 1:31:31]}
Bg7 {[%clk 1:31:04]} 5. Bc4 {[%clk 1:31:40]} Nxe4 {[%clk 1:28:34]} 6. Bxf7+
{[%clk 1:29:16]} Kxf7 {[%clk 1:28:39]} 7. Nxe4 {[%clk 1:29:22]} Rf8 {[%clk
1:27:35]} 8. O-O {[%clk 1:26:25]} Kg8 {[%clk 1:27:04]} 9. d4 {[%clk 1:21:44]}
Bf5 {[%clk 1:24:12]} 10. Ng3 {[%clk 1:16:22]} Bg4 {[%clk 1:23:10]} 11. c3
{[%clk 1:09:42]} Nd7 {[%clk 1:22:43]} 12. Qb3+ {[%clk 1:07:22]} Kh8 {[%clk
1:18:20]} 13. Qxb7 {[%clk 1:04:31]} Bxf3 {[%clk 1:15:18]} 14. Rxf3 {[%clk
0:45:06]} e5 {[%clk 1:14:30]} 15. fxe5 {[%clk 0:29:58]} Rxf3 {[%clk 1:12:28]}
16. Qxf3 {[%clk 0:30:00]} dxe5 {[%clk 1:12:01]} 17. Bg5 {[%clk 0:14:03]} Qf8
{[%clk 1:10:39]} 18. Qc6 {[%clk 0:05:29]} Qc8 {[%clk 1:07:44]} 19. d5 {[%clk
0:01:01]} Nb6 {[%clk 1:06:32]} 20. Bf6 {[%clk 0:01:10]} Qd7 {[%clk 1:05:10]}
21. Bxg7+ {[%clk 0:01:18]} Kxg7 {[%clk 1:05:31]} 22. Qxd7+ {[%clk 0:01:10]}
Nxd7 {[%clk 1:05:53]} 23. Rd1 {[%clk 0:01:01]} Nf6 {[%clk 1:04:16]} 24. d6
{[%clk 0:00:43]} cxd6 {[%clk 1:04:32]} 25. Rxd6 {[%clk 0:01:03]} Rb8 {[%clk
1:04:01]} 26. b3 {[%clk 0:01:22]} e4 {[%clk 1:03:46]} 27. Re6 {[%clk 0:00:51]}
Kf7 {[%clk 1:02:50]} 28. Re5 {[%clk 0:01:02]} Re8 {[%clk 1:02:01]} 29. Rxe8
{[%clk 0:01:04]} Kxe8 {[%clk 1:02:25]} 30. h3 {[%clk 0:00:49]} Kd7 {[%clk
1:02:40]} 31. Kf2 {[%clk 0:00:46]} Kd6 {[%clk 1:02:56]} 32. Ke2 {[%clk
0:00:36]} Ke5 {[%clk 1:02:56]} 33. Nf1 {[%clk 0:00:36]} Kd5 {[%clk 1:02:51]}
34. Ke3 {[%clk 0:00:38]} Ke5 {[%clk 1:03:01]} 35. c4 {[%clk 0:00:40]} Nd7
{[%clk 1:02:53]} 36. b4 {[%clk 0:00:36]} Nb6 {[%clk 1:01:13]} 37. Nd2 {[%clk
0:00:51]} h6 {[%clk 1:00:55]} 38. c5 {[%clk 0:00:42]} Nd5+ {[%clk 1:00:36]} 39.
Ke2 {[%clk 0:00:44]} Nc3+ {[%clk 1:00:53]} 40. Ke3 {[%clk 0:00:42]} Nd5+ {[%clk
0:59:50]} 41. Ke2 {[%clk 0:00:43]} Nxb4 {[%clk 0:59:21]} 42. a3 {[%clk
0:00:41]} Nd5 {[%clk 0:59:23]} 1/2-1/2

[Event "DEM U12w 2021"]
[Site "Willingen GER"]
[Date "2021.08.24"]
[Round "3"]
[White "Haug, Mara"]
[Black "Zhou, Jenny"]
[Result "1-0"]
[Termination "normal"]
[Board "9"]
[WhiteElo "1366"]
[BlackElo "1268"]
[WhiteClock "00:32:36"]
[BlackClock "00:28:18"]
[PlyCount "47"]
[WhiteFideId "16259300"]
[BlackFideId "16280229"]
[EventCountry "GER"]
[EventRounds "9"]
[EventType "swiss"]
[EventDate "2021.08.22"]

1. e4 {[%clk 1:30:56]} e5 {[%clk 1:30:51]} 2. Nf3 {[%clk 1:31:23]} Nc6 {[%clk
1:31:14]} 3. d4 {[%clk 1:31:30]} exd4 {[%clk 1:31:42]} 4. Bc4 {[%clk 1:31:52]}
Be7 {[%clk 1:26:08]} 5. Nxd4 {[%clk 1:30:47]} d6 {[%clk 1:21:47]} 6. Be3 {[%clk
1:29:08]} Nf6 {[%clk 1:19:25]} 7. f3 {[%clk 1:28:17]} d5 {[%clk 1:15:25]} 8.
Bb5 {[%clk 1:23:15]} Bd7 {[%clk 1:13:37]} 9. Bxc6 {[%clk 1:21:44]} bxc6 {[%clk
1:11:43]} 10. e5 {[%clk 1:21:04]} Ng8 {[%clk 1:07:23]} 11. c3 {[%clk 1:18:00]}
c5 {[%clk 1:04:05]} 12. Nb3 {[%clk 1:17:52]} Ba4 {[%clk 1:03:09]} 13. Qd2
{[%clk 1:15:02]} c4 {[%clk 0:55:09]} 14. Nd4 {[%clk 1:08:50]} Bc5 {[%clk
0:50:34]} 15. Nf5 {[%clk 1:01:17]} Bxe3 {[%clk 0:50:01]} 16. Qxe3 {[%clk
1:00:44]} g6 {[%clk 0:46:43]} 17. Ng3 {[%clk 0:58:48]} Ne7 {[%clk 0:45:52]} 18.
Nd2 {[%clk 0:57:26]} O-O {[%clk 0:44:03]} 19. b3 {[%clk 0:52:08]} Bb5 {[%clk
0:42:47]} 20. Qc5 {[%clk 0:49:54]} Qd7 {[%clk 0:31:57]} 21. bxc4 {[%clk
0:47:26]} dxc4 {[%clk 0:32:18]} 22. Nxc4 {[%clk 0:43:34]} Rad8 {[%clk 0:29:52]}
23. Ne4 {[%clk 0:32:37]} Nf5 {[%clk 0:28:18]} 24. Nf6+ {[%clk 0:32:36]} 1-0

[Event "DEM U12w 2021"]
[Site "Willingen GER"]
[Date "2021.08.24"]
[Round "3"]
[White "Schube, Theresa"]
[Black "Hergenröder, Cora"]
[Result "1/2-1/2"]
[Termination "normal"]
[Board "10"]
[WhiteElo "1262"]
[BlackElo "1463"]
[WhiteClock "01:34:21"]
[BlackClock "00:15:42"]
[PlyCount "113"]
[WhiteFideId "34608800"]
[BlackFideId "34603700"]
[EventCountry "GER"]
[EventRounds "9"]
[EventType "swiss"]
[EventDate "2021.08.22"]

1. e4 {[%clk 1:30:55]} c6 {[%clk 1:30:57]} 2. d4 {[%clk 1:30:55]} d5 {[%clk
1:31:23]} 3. e5 {[%clk 1:29:00]} c5 {[%clk 1:31:47]} 4. Bb5+ {[%clk 1:25:18]}
Bd7 {[%clk 1:29:59]} 5. Bxd7+ {[%clk 1:23:34]} Nxd7 {[%clk 1:30:19]} 6. c3
{[%clk 1:23:38]} e6 {[%clk 1:28:05]} 7. Qa4 {[%clk 1:19:43]} Qc7 {[%clk
1:25:13]} 8. Ne2 {[%clk 1:18:21]} Ne7 {[%clk 1:20:07]} 9. Nd2 {[%clk 1:17:09]}
Nf5 {[%clk 1:19:44]} 10. Nb3 {[%clk 1:16:16]} Be7 {[%clk 1:07:26]} 11. Ng3
{[%clk 1:12:41]} cxd4 {[%clk 1:01:18]} 12. cxd4 {[%clk 1:09:42]} Qc2 {[%clk
0:50:13]} 13. Nc5 {[%clk 1:08:34]} Qxa4 {[%clk 0:50:26]} 14. Nxa4 {[%clk
1:08:58]} Nxd4 {[%clk 0:50:30]} 15. Kd1 {[%clk 1:08:00]} Nxe5 {[%clk 0:48:22]}
16. b3 {[%clk 1:07:36]} Ng4 {[%clk 0:47:45]} 17. Be3 {[%clk 1:06:42]} Bf6
{[%clk 0:46:28]} 18. Rc1 {[%clk 1:05:53]} O-O {[%clk 0:44:35]} 19. Nh5 {[%clk
1:05:46]} Be5 {[%clk 0:32:00]} 20. Nc5 {[%clk 1:05:20]} Nf5 {[%clk 0:16:11]}
21. Nd7 {[%clk 1:04:29]} Rfd8 {[%clk 0:15:39]} 22. Nxe5 {[%clk 1:04:19]} Nfxe3+
{[%clk 0:14:23]} 23. fxe3 {[%clk 1:04:23]} Nxe5 {[%clk 0:14:20]} 24. Rc7 {[%clk
1:03:51]} Ng4 {[%clk 0:12:02]} 25. Ke2 {[%clk 1:03:31]} Ne5 {[%clk 0:09:20]}
26. Rf1 {[%clk 1:03:21]} Rd7 {[%clk 0:08:49]} 27. Rfc1 {[%clk 1:03:19]} Rxc7
{[%clk 0:09:05]} 28. Rxc7 {[%clk 1:03:42]} b6 {[%clk 0:09:04]} 29. Nf4 {[%clk
1:03:54]} h6 {[%clk 0:08:41]} 30. Nd3 {[%clk 1:04:05]} Nxd3 {[%clk 0:08:41]}
31. Kxd3 {[%clk 1:04:28]} Kf8 {[%clk 0:08:10]} 32. Kd4 {[%clk 1:04:35]} f6
{[%clk 0:07:20]} 33. Rc6 {[%clk 1:04:36]} Kf7 {[%clk 0:07:22]} 34. Rc7+ {[%clk
1:04:58]} Kf8 {[%clk 0:07:25]} 35. Rc6 {[%clk 1:05:20]} Re8 {[%clk 0:07:15]}
36. Rc7 {[%clk 1:05:43]} Re7 {[%clk 0:07:07]} 37. Rc6 {[%clk 1:05:28]} Ke8
{[%clk 0:07:32]} 38. Rc8+ {[%clk 1:05:17]} Kd7 {[%clk 0:07:36]} 39. Ra8 {[%clk
1:05:33]} Kd6 {[%clk 0:07:53]} 40. Rd8+ {[%clk 1:05:53]} Rd7 {[%clk 0:08:14]}
41. Rc8 {[%clk 1:05:00]} e5+ {[%clk 0:08:17]} 42. Kd3 {[%clk 1:05:11]} Rc7
{[%clk 0:07:20]} 43. Rd8+ {[%clk 1:05:14]} Kc5 {[%clk 0:07:30]} 44. Kc3 {[%clk
1:04:38]} h5 {[%clk 0:02:13]} 45. a4 {[%clk 1:04:24]} b5 {[%clk 0:01:05]} 46.
a5 {[%clk 1:03:52]} b4+ {[%clk 0:00:40]} 47. Kd2 {[%clk 1:04:00]} d4 {[%clk
0:00:34]} 48. exd4+ {[%clk 1:04:06]} exd4 {[%clk 0:00:49]} 49. Kd3 {[%clk
1:04:25]} Kb5 {[%clk 0:29:28]} 50. Rd5+ {[%clk 1:34:29]} Rc5 {[%clk 0:28:30]}
51. Rd7 {[%clk 1:34:34]} Rc3+ {[%clk 0:24:38]} 52. Kxd4 {[%clk 1:34:57]} Kxa5
{[%clk 0:22:58]} 53. Rxa7+ {[%clk 1:35:01]} Kb6 {[%clk 0:22:38]} 54. Rxg7
{[%clk 1:34:30]} Rxb3 {[%clk 0:17:22]} 55. Kc4 {[%clk 1:34:47]} Rb2 {[%clk
0:16:50]} 56. Rg6 {[%clk 1:34:50]} Rf2 {[%clk 0:15:42]} 57. Kxb4 {[%clk
1:34:21]} 1/2-1/2

[Event "DEM U12w 2021"]
[Site "Willingen GER"]
[Date "2021.08.24"]
[Round "3"]
[White "Moldovan, Stela"]
[Black "Strübel, Katharina"]
[Result "1/2-1/2"]
[Termination "normal"]
[Board "11"]
[WhiteElo "1251"]
[BlackElo "1154"]
[WhiteClock "00:27:33"]
[BlackClock "00:08:51"]
[PlyCount "115"]
[WhiteFideId "16287380"]
[BlackFideId "16284879"]
[EventCountry "GER"]
[EventRounds "9"]
[EventType "swiss"]
[EventDate "2021.08.22"]

1. d4 {[%clk 1:30:54]} d5 {[%clk 1:30:47]} 2. Nf3 {[%clk 1:31:14]} Bf5 {[%clk
1:30:49]} 3. e3 {[%clk 1:31:21]} Nf6 {[%clk 1:28:21]} 4. Bd3 {[%clk 1:31:00]}
Bg6 {[%clk 1:27:04]} 5. b3 {[%clk 1:29:38]} c5 {[%clk 1:26:10]} 6. Bb2 {[%clk
1:29:45]} Nc6 {[%clk 1:25:09]} 7. Ne5 {[%clk 1:26:28]} Nxe5 {[%clk 1:22:46]} 8.
dxe5 {[%clk 1:26:30]} Nd7 {[%clk 1:22:21]} 9. f4 {[%clk 1:24:30]} Bxd3 {[%clk
1:18:28]} 10. Qxd3 {[%clk 1:24:27]} e6 {[%clk 1:16:40]} 11. O-O {[%clk
1:22:25]} Be7 {[%clk 1:11:47]} 12. f5 {[%clk 1:20:54]} exf5 {[%clk 0:52:42]}
13. Qxf5 {[%clk 1:19:12]} O-O {[%clk 0:51:09]} 14. Nc3 {[%clk 1:12:51]} Nb6
{[%clk 0:43:33]} 15. Rad1 {[%clk 1:07:39]} Bg5 {[%clk 0:41:02]} 16. e4 {[%clk
1:02:14]} d4 {[%clk 0:37:01]} 17. Nb5 {[%clk 0:59:19]} Be3+ {[%clk 0:34:56]}
18. Kh1 {[%clk 0:56:14]} Qg5 {[%clk 0:32:44]} 19. Nd6 {[%clk 0:52:06]} Qxf5
{[%clk 0:30:37]} 20. exf5 {[%clk 0:52:18]} Nc8 {[%clk 0:29:16]} 21. Nxb7 {[%clk
0:51:33]} Re8 {[%clk 0:27:33]} 22. Nxc5 {[%clk 0:50:29]} Rxe5 {[%clk 0:26:40]}
23. Bxd4 {[%clk 0:49:21]} Bxd4 {[%clk 0:25:58]} 24. Rxd4 {[%clk 0:49:40]} Ne7
{[%clk 0:25:08]} 25. Nd3 {[%clk 0:48:24]} Rxf5 {[%clk 0:25:00]} 26. Rxf5 {[%clk
0:48:32]} Nxf5 {[%clk 0:25:06]} 27. Rd7 {[%clk 0:46:55]} g6 {[%clk 0:24:21]}
28. c4 {[%clk 0:43:41]} a5 {[%clk 0:21:57]} 29. c5 {[%clk 0:42:05]} a4 {[%clk
0:20:48]} 30. b4 {[%clk 0:42:04]} Kf8 {[%clk 0:19:32]} 31. Kg1 {[%clk 0:41:10]}
Ke8 {[%clk 0:19:25]} 32. c6 {[%clk 0:41:14]} Ne7 {[%clk 0:18:33]} 33. b5 {[%clk
0:39:22]} Rd8 {[%clk 0:16:57]} 34. Nc5 {[%clk 0:38:27]} Rxd7 {[%clk 0:13:02]}
35. Nxd7 {[%clk 0:38:17]} Kd8 {[%clk 0:12:47]} 36. Kf2 {[%clk 0:38:06]} Kc7
{[%clk 0:12:23]} 37. Kf3 {[%clk 0:37:37]} Nd5 {[%clk 0:12:02]} 38. h3 {[%clk
0:35:49]} Nc3 {[%clk 0:12:17]} 39. Ke3 {[%clk 0:33:10]} Nxb5 {[%clk 0:11:51]}
40. Kd3 {[%clk 0:32:52]} Nd6 {[%clk 0:11:44]} 41. Nc5 {[%clk 0:31:08]} a3
{[%clk 0:11:35]} 42. Kc2 {[%clk 0:30:25]} Kxc6 {[%clk 0:11:42]} 43. Nd3 {[%clk
0:30:37]} Kb5 {[%clk 0:10:44]} 44. Kb3 {[%clk 0:30:10]} Nc4 {[%clk 0:10:51]}
45. Ne1 {[%clk 0:29:25]} f5 {[%clk 0:10:27]} 46. Nc2 {[%clk 0:26:48]} Kc5
{[%clk 0:08:33]} 47. Nxa3 {[%clk 0:27:01]} Ne3 {[%clk 0:08:47]} 48. g3 {[%clk
0:27:17]} g5 {[%clk 0:08:45]} 49. Nc2 {[%clk 0:27:20]} Nf1 {[%clk 0:08:26]} 50.
g4 {[%clk 0:27:05]} fxg4 {[%clk 0:07:51]} 51. hxg4 {[%clk 0:27:12]} Nh2 {[%clk
0:08:06]} 52. Ne3 {[%clk 0:26:50]} Kd4 {[%clk 0:08:05]} 53. Nf5+ {[%clk
0:27:08]} Kc5 {[%clk 0:07:51]} 54. Nh6 {[%clk 0:27:17]} Nxg4 {[%clk 0:08:02]}
55. Nxg4 {[%clk 0:27:26]} h5 {[%clk 0:08:25]} 56. Nh2 {[%clk 0:27:26]} g4
{[%clk 0:08:44]} 57. Kc3 {[%clk 0:27:16]} g3 {[%clk 0:08:51]} 58. Nf3 {[%clk
0:27:33]} 1/2-1/2

[Event "DEM U12w 2021"]
[Site "Willingen GER"]
[Date "2021.08.24"]
[Round "3"]
[White "Kopylov, Diana"]
[Black "Flierl, Veronika"]
[Result "0-1"]
[Termination "normal"]
[Board "12"]
[WhiteElo "1007"]
[BlackElo "1372"]
[WhiteClock "00:13:39"]
[BlackClock "00:18:56"]
[PlyCount "70"]
[WhiteFideId "16268865"]
[BlackFideId "34603697"]
[EventCountry "GER"]
[EventRounds "9"]
[EventType "swiss"]
[EventDate "2021.08.22"]

1. d4 {[%clk 1:30:57]} d5 {[%clk 1:30:56]} 2. c4 {[%clk 1:31:21]} e6 {[%clk
1:31:20]} 3. cxd5 {[%clk 1:31:30]} exd5 {[%clk 1:31:40]} 4. Nf3 {[%clk
1:31:32]} Nf6 {[%clk 1:31:13]} 5. Nc3 {[%clk 1:31:27]} Bf5 {[%clk 1:29:56]} 6.
Bf4 {[%clk 1:29:25]} c6 {[%clk 1:29:44]} 7. e3 {[%clk 1:27:27]} Bd6 {[%clk
1:29:40]} 8. Bxd6 {[%clk 1:21:37]} Qxd6 {[%clk 1:29:59]} 9. Bd3 {[%clk
1:20:55]} Bxd3 {[%clk 1:29:59]} 10. Qxd3 {[%clk 1:21:11]} Nbd7 {[%clk 1:30:07]}
11. O-O {[%clk 1:17:36]} O-O {[%clk 1:30:25]} 12. h3 {[%clk 1:16:50]} Rfe8
{[%clk 1:23:29]} 13. Rfe1 {[%clk 1:08:41]} Nb6 {[%clk 1:23:13]} 14. Rac1 {[%clk
1:05:42]} Nc4 {[%clk 1:17:49]} 15. b3 {[%clk 1:02:35]} Nb6 {[%clk 1:18:03]} 16.
e4 {[%clk 0:54:36]} dxe4 {[%clk 1:14:51]} 17. Nxe4 {[%clk 0:54:45]} Nxe4 {[%clk
1:14:49]} 18. Rxe4 {[%clk 0:55:05]} Nd5 {[%clk 1:08:36]} 19. Ng5 {[%clk
0:43:10]} Nf6 {[%clk 1:01:36]} 20. Rh4 {[%clk 0:33:20]} h6 {[%clk 1:00:21]} 21.
Nf3 {[%clk 0:31:20]} Rad8 {[%clk 0:58:01]} 22. Rd1 {[%clk 0:28:27]} Re7 {[%clk
0:49:56]} 23. Qc4 {[%clk 0:24:24]} Rde8 {[%clk 0:43:09]} 24. Qc2 {[%clk
0:20:58]} Re2 {[%clk 0:39:19]} 25. Qb1 {[%clk 0:19:56]} Qd5 {[%clk 0:32:08]}
26. Ne5 {[%clk 0:18:03]} Qb5 {[%clk 0:26:50]} 27. Re1 {[%clk 0:16:30]} Qa6
{[%clk 0:22:45]} 28. a4 {[%clk 0:15:52]} Rxe1+ {[%clk 0:21:05]} 29. Qxe1 {[%clk
0:16:11]} Qb6 {[%clk 0:19:09]} 30. Qc3 {[%clk 0:16:04]} Qc7 {[%clk 0:18:58]}
31. Rf4 {[%clk 0:15:29]} Nd5 {[%clk 0:18:42]} 32. Qf3 {[%clk 0:13:27]} Nxf4
{[%clk 0:18:57]} 33. Qxf4 {[%clk 0:13:52]} f6 {[%clk 0:18:23]} 34. Nd3 {[%clk
0:13:20]} Qxf4 {[%clk 0:18:37]} 35. Nxf4 {[%clk 0:13:39]} Re4 {[%clk 0:18:56]}
0-1

[Event "DEM U12w 2021"]
[Site "Willingen GER"]
[Date "2021.08.24"]
[Round "3"]
[White "Burlutskaia, Maria"]
[Black "Tran, Hanna Emilie Mai Hoa"]
[Result "1-0"]
[Termination "normal"]
[Board "13"]
[WhiteElo "1337"]
[BlackElo "1077"]
[WhiteClock "01:19:20"]
[BlackClock "00:47:39"]
[PlyCount "93"]
[WhiteFideId "34607137"]
[BlackFideId "16267869"]
[EventCountry "GER"]
[EventRounds "9"]
[EventType "swiss"]
[EventDate "2021.08.22"]

1. e4 {[%clk 1:30:58]} e5 2. Nf3 {[%clk 1:31:24]} Nc6 {[%clk 1:31:17]} 3. d4
{[%clk 1:31:49]} exd4 {[%clk 1:31:39]} 4. c3 {[%clk 1:32:12]} dxc3 {[%clk
1:30:38]} 5. Bc4 {[%clk 1:32:32]} Bb4 {[%clk 1:30:47]} 6. O-O {[%clk 1:32:11]}
Nf6 {[%clk 1:30:41]} 7. Nxc3 {[%clk 1:30:44]} O-O {[%clk 1:30:45]} 8. e5 {[%clk
1:30:38]} Bxc3 {[%clk 1:30:36]} 9. bxc3 {[%clk 1:30:54]} Ng4 {[%clk 1:30:16]}
10. Re1 {[%clk 1:28:48]} Re8 {[%clk 1:30:14]} 11. Qd5 {[%clk 1:27:48]} Re6
{[%clk 1:29:02]} 12. Ng5 {[%clk 1:27:36]} Rxe5 {[%clk 1:26:01]} 13. Qxf7+
{[%clk 1:25:17]} Kh8 {[%clk 1:26:20]} 14. Rxe5 {[%clk 1:23:15]} Ngxe5 {[%clk
1:26:20]} 15. f4 {[%clk 1:22:13]} Nxf7 {[%clk 1:25:40]} 16. Nxf7+ {[%clk
1:22:37]} Kg8 {[%clk 1:26:01]} 17. Nxd8+ {[%clk 1:23:00]} Kf8 {[%clk 1:26:25]}
18. Nxc6 {[%clk 1:23:24]} bxc6 {[%clk 1:26:38]} 19. Ba3+ {[%clk 1:23:48]} d6
{[%clk 1:26:45]} 20. Re1 {[%clk 1:23:24]} Bf5 {[%clk 1:24:21]} 21. Kf2 {[%clk
1:22:14]} g6 {[%clk 1:23:43]} 22. Be6 {[%clk 1:21:05]} Bd3 {[%clk 1:23:21]} 23.
Bc1 {[%clk 1:20:43]} Kg7 {[%clk 1:19:49]} 24. c4 {[%clk 1:20:28]} Rb8 {[%clk
1:19:54]} 25. Re3 {[%clk 1:20:18]} Bc2 {[%clk 1:18:29]} 26. Re2 {[%clk
1:20:41]} Bd3 {[%clk 1:18:48]} 27. Rd2 {[%clk 1:20:29]} Be4 {[%clk 1:18:57]}
28. Ke3 {[%clk 1:20:32]} Bb1 {[%clk 1:18:30]} 29. Bd7 {[%clk 1:20:33]} c5
{[%clk 1:12:34]} 30. Rb2 {[%clk 1:20:52]} Rxb2 {[%clk 1:12:23]} 31. Bxb2+
{[%clk 1:21:13]} Kf7 {[%clk 1:10:42]} 32. a4 {[%clk 1:22:34]} Ke7 {[%clk
1:07:12]} 33. Bg4 {[%clk 1:22:32]} c6 {[%clk 1:07:08]} 34. Bf3 {[%clk 1:20:36]}
Ke6 {[%clk 1:06:08]} 35. Bxc6 {[%clk 1:15:52]} Bf5 {[%clk 0:53:17]} 36. Be4
{[%clk 1:15:26]} Bxe4 {[%clk 0:53:15]} 37. Kxe4 {[%clk 1:15:46]} a6 {[%clk
0:52:05]} 38. g4 {[%clk 1:15:56]} Ke7 {[%clk 0:47:31]} 39. Kd5 {[%clk 1:16:17]}
Kd7 {[%clk 0:47:43]} 40. f5 {[%clk 1:16:39]} gxf5 {[%clk 0:47:54]} 41. gxf5
{[%clk 1:17:00]} h5 {[%clk 0:48:07]} 42. f6 {[%clk 1:17:25]} h4 {[%clk
0:46:26]} 43. f7 {[%clk 1:17:50]} Ke7 {[%clk 0:46:44]} 44. f8=Q+ {[%clk
1:18:06]} Kxf8 {[%clk 0:47:02]} 45. Kxd6 {[%clk 1:18:32]} Kf7 {[%clk 0:47:21]}
46. Kxc5 {[%clk 1:18:55]} Kg6 {[%clk 0:47:39]} 47. Kd6 {[%clk 1:19:20]} 1-0

[Event "DEM U12w 2021"]
[Site "Willingen GER"]
[Date "2021.08.24"]
[Round "3"]
[White "Hesse, Sariana"]
[Black "Bangiev, Katharina"]
[Result "0-1"]
[Termination "normal"]
[Board "14"]
[WhiteElo "997"]
[BlackElo "1477"]
[WhiteClock "01:15:06"]
[BlackClock "00:19:38"]
[PlyCount "48"]
[WhiteFideId "34605843"]
[BlackFideId "16267230"]
[EventCountry "GER"]
[EventRounds "9"]
[EventType "swiss"]
[EventDate "2021.08.22"]

1. e4 {[%clk 1:30:59]} c5 {[%clk 1:30:54]} 2. Nf3 {[%clk 1:31:23]} Nc6 {[%clk
1:31:19]} 3. d4 {[%clk 1:31:42]} cxd4 {[%clk 1:31:45]} 4. Nxd4 {[%clk 1:32:05]}
g6 {[%clk 1:32:09]} 5. Nc3 {[%clk 1:32:20]} Bg7 {[%clk 1:32:29]} 6. Nb3 {[%clk
1:32:42]} Nf6 {[%clk 1:31:49]} 7. Be2 {[%clk 1:32:39]} d6 {[%clk 1:30:17]} 8.
O-O {[%clk 1:32:38]} O-O {[%clk 1:29:32]} 9. Kh1 {[%clk 1:32:31]} Nd7 {[%clk
1:15:22]} 10. f4 {[%clk 1:31:09]} f5 {[%clk 1:12:15]} 11. Qe1 {[%clk 1:30:14]}
Nb6 {[%clk 1:05:53]} 12. Qh4 {[%clk 1:29:07]} Bxc3 {[%clk 1:03:23]} 13. bxc3
{[%clk 1:28:58]} fxe4 {[%clk 1:03:18]} 14. Bb5 {[%clk 1:25:56]} Rf5 {[%clk
0:50:29]} 15. Qg3 {[%clk 1:24:47]} Rxb5 {[%clk 0:48:27]} 16. Bb2 {[%clk
1:24:00]} Nc4 {[%clk 0:44:22]} 17. a4 {[%clk 1:21:19]} Rf5 {[%clk 0:41:58]} 18.
Bc1 {[%clk 1:18:53]} e5 {[%clk 0:32:28]} 19. Rb1 {[%clk 1:16:42]} Qf6 {[%clk
0:25:15]} 20. Nd2 {[%clk 1:16:05]} exf4 {[%clk 0:23:53]} 21. Nxe4 {[%clk
1:16:02]} fxg3 {[%clk 0:20:08]} 22. Nxf6+ {[%clk 1:16:10]} Kg7 23. Ne8+ {[%clk
1:15:44]} Kf7 {[%clk 0:19:38]} 24. Nc7 {[%clk 1:15:06]} Rxf1# 0-1

[Event "DEM U12w 2021"]
[Site "Willingen GER"]
[Date "2021.08.24"]
[Round "3"]
[White "Moldovan, Tatiana"]
[Black "Neumeier, Valentina"]
[Result "1-0"]
[Termination "normal"]
[Board "15"]
[WhiteElo "1437"]
[BlackElo "1128"]
[WhiteClock "01:05:50"]
[BlackClock "00:37:29"]
[PlyCount "49"]
[WhiteFideId "16287398"]
[BlackFideId "34608222"]
[EventCountry "GER"]
[EventRounds "9"]
[EventType "swiss"]
[EventDate "2021.08.22"]

1. c4 {[%clk 1:30:57]} e5 {[%clk 1:30:44]} 2. g3 {[%clk 1:31:18]} Nf6 {[%clk
1:30:37]} 3. Bg2 {[%clk 1:31:39]} Nc6 {[%clk 1:30:09]} 4. e3 {[%clk 1:31:43]}
Bc5 {[%clk 1:29:35]} 5. Nc3 {[%clk 1:31:29]} d6 {[%clk 1:28:45]} 6. Nge2 {[%clk
1:31:11]} O-O {[%clk 1:27:29]} 7. O-O {[%clk 1:31:15]} Be6 {[%clk 1:26:57]} 8.
d4 {[%clk 1:31:23]} exd4 {[%clk 1:17:40]} 9. exd4 {[%clk 1:30:29]} Bxc4 {[%clk
1:15:09]} 10. dxc5 {[%clk 1:30:32]} Bxe2 {[%clk 1:13:29]} 11. Nxe2 {[%clk
1:30:18]} Qd7 {[%clk 1:12:25]} 12. cxd6 {[%clk 1:29:27]} cxd6 {[%clk 1:10:48]}
13. b3 {[%clk 1:27:14]} Rfe8 {[%clk 1:07:10]} 14. Bb2 {[%clk 1:24:20]} Qe6
{[%clk 1:04:28]} 15. Nf4 {[%clk 1:23:31]} Qe7 {[%clk 0:59:50]} 16. Re1 {[%clk
1:23:26]} Qd8 {[%clk 0:57:39]} 17. Rxe8+ {[%clk 1:23:24]} Nxe8 {[%clk 0:56:16]}
18. Rc1 {[%clk 1:20:06]} Rc8 {[%clk 0:54:42]} 19. Qg4 {[%clk 1:14:57]} g6
{[%clk 0:51:11]} 20. Qd1 {[%clk 1:12:30]} Qa5 {[%clk 0:46:28]} 21. Bh3 {[%clk
1:08:03]} Rd8 {[%clk 0:43:05]} 22. a3 {[%clk 1:06:54]} Qg5 {[%clk 0:37:45]} 23.
Bg2 {[%clk 1:05:50]} Rc8 {[%clk 0:37:29]} 24. Qe1 Rc7 25. Qxe8# 1-0